| 000 | 00707nam 22002293 4500 | ||
|---|---|---|---|
| 001 | 199758 | ||
| 010 | _a978-989-234-263-4 | ||
| 021 |
_b441743/18 _aPT |
||
| 090 | _a199758 | ||
| 100 | _a20260107d u||y0pory50 ba | ||
| 200 |
_aPuto Normal e os supervilões _fGreg Milward, co-autoria de Chris Smith _gilustrações de Erica Salcedo; tradução de Susana Ferreira |
||
| 205 | _a1ª | ||
| 210 |
_aAlfragide _cGailivro _d2018 |
||
| 215 |
_a364, [2] p. _cbrochado _d21 cm |
||
| 225 | _aPuto Normal | ||
| 606 |
_952 _aLiteratura Juvenil Inglesa |
||
| 675 |
_a821.111-93 _vPT _zpor |
||
| 700 |
_914061 _aJames _bGreg _f1985- |
||
| 701 |
_914062 _aSmith _bChris |
||
| 801 |
_aPT _bBMMN _gRPC |
||
| 830 | _cIsabel | ||
| 990 | _cLIVROS | ||